Statistiques concernant CSGO/CS2 Team Winners Katowice

Cliquez ici pour prendre le quiz!

Statistiques générales

  • Ce quiz a été pris 39 fois
  • Le résultat moyen est 9 sur 11

Statistiques - réponses

anWinner% Correct
2020Natus Vincere
92%
2022FaZe Clan
88%
2024Team Spirit
88%
2023G2 Esport
84%
2019Astralis
80%
2017Astralis
80%
2018Fnatic
80%
2016Fnatic
80%
2015Fnatic
80%
2014Virtus Pro
80%
2021Gambit
68%

Distribution des résultats

Percentile par nombre de réponses

% des personnes avec chaque résultat

Votre développement - résultats

Vous n’avez pas pris ce quiz